Philippine History (Record no. 8104)
[ view plain ]
| 000 -LEADER | |
|---|---|
| fixed length control field | 00664nam a22002417i 4500 |
| 003 - CONTROL NUMBER IDENTIFIER | |
| control field | URS |
| 005 - DATE AND TIME OF LATEST TRANSACTION | |
| control field | 20220114153050.0 |
| 008 - FIXED-LENGTH DATA ELEMENTS--GENERAL INFORMATION | |
| fixed length control field | 170217b xxu||||| |||| 00| 0 eng d |
| 020 ## - INTERNATIONAL STANDARD BOOK NUMBER | |
| International Standard Book Number | 978971235636 |
| 040 ## - CATALOGING SOURCE | |
| Description conventions | rda |
| Transcribing agency | URS |
| Language of cataloging | eng |
| 100 1# - MAIN ENTRY--PERSONAL NAME | |
| Personal name | Halili, Maria Christina N |
| Dates associated with a name | Author |
| 245 ## - TITLE STATEMENT | |
| Title | Philippine History |
| 264 #0 - PRODUCTION, PUBLICATION, DISTRIBUTION, MANUFACTURE, AND COPYRIGHT NOTICE | |
| Place of production, publication, distribution, manufacture | Sampaloc, Manila: |
| Name of producer, publisher, distributor, manufacturer | Rex Bookstore, |
| Date of production, publication, distribution, manufacture, or copyright notice | [2010] |
| 264 #4 - PRODUCTION, PUBLICATION, DISTRIBUTION, MANUFACTURE, AND COPYRIGHT NOTICE | |
| Date of production, publication, distribution, manufacture, or copyright notice | ©2010 |
| 300 ## - PHYSICAL DESCRIPTION | |
| Extent | xv, 294 pages; |
| Dimensions | 21cm |
| 336 ## - CONTENT TYPE | |
| Content type term | text |
| Content type code | txt |
| Source | rdacontent |
| 337 ## - MEDIA TYPE | |
| Media type term | unmediated |
| Media type code | n |
| Source | rdamedia |
| 338 ## - CARRIER TYPE | |
| Carrier type term | volume |
| Carrier type code | nc |
| Source | rdacarrier |
| 500 ## - GENERAL NOTE | |
| General note | Includes index. |
| 504 ## - BIBLIOGRAPHY, ETC. NOTE | |
| Bibliography, etc. note | Includes bibliography. |
| 650 #0 - SUBJECT ADDED ENTRY--TOPICAL TERM | |
| Topical term or geographic name entry element | History. |
| Geographic subdivision | Philippines. |
| 942 ## - ADDED ENTRY ELEMENTS (KOHA) | |
| Source of classification or shelving scheme | Dewey Decimal Classification |
| Koha item type | Filipiniana |
| Withdrawn status | Source of classification or shelving scheme | Damaged status | Not for loan | Collection code | Home library | Current library | Shelving location | Date acquired | Total Checkouts | Full call number | Barcode | Date last seen | Date last checked out | Copy number | Price effective from | Koha item type |
|---|---|---|---|---|---|---|---|---|---|---|---|---|---|---|---|---|
| Dewey Decimal Classification | Non-fiction | Pililla College Library | Pililla College Library | General Stacks | 02/17/2017 | 2 | 959.9 H11p 2010 | URSPIL-5202. | 10/04/2018 | 10/03/2018 | 1 | 02/17/2017 | Filipiniana | |||
| Dewey Decimal Classification | Non-fiction | Pililla College Library | Pililla College Library | General Stacks | 02/17/2017 | 2 | 959.9 H11p 2010 | URSPIL-5203 | 10/03/2018 | 10/01/2018 | 2 | 02/17/2017 | Filipiniana |